Управленческий учет производственной деятельности: учебное пособие

Dettagli Bibliografici
Ente Autore: Московский университет потребительской кооперации
Altri autori: Керимов В. Э. Вагиф Эльдар оглы (редактор), Епифанов А. А. Алексей Алексеевич, Селиванов П. В. Прохор Владимирович, Крятов М. С. Максим Сергеевич
Riassunto:Исключено из фонда НТБ ТПУ
Lingua:russo
Pubblicazione: Москва, Экзамен, 2002
Natura: MixedMaterials Libro
KOHA link:https://koha.lib.tpu.ru/cgi-bin/koha/opac-detail.pl?biblionumber=48081

MARC

LEADER 00000nam0a2200000 4500
001 48081
005 20231101211128.0
010 |a 5946921630 
035 |a (RuTPU)RU\TPU\book\50294 
090 |a 48081 
100 |a 20030304d2002 m y0rusy50 ca 
101 0 |a rus 
102 |a RU 
105 |a a j 001zy 
200 1 |a Управленческий учет производственной деятельности  |e учебное пособие  |f В. Э. Керимов, А. А. Епифанов, П. В. Селиванов, М. С. Крятов  |g Московский университет потребительской кооперации; Под ред. В. Э. Керимова 
210 |a Москва  |c Экзамен  |d 2002 
215 |a 160 с.  |c ил. 
320 |a Библиогр.: с. 158-159. 
333 |a Исключено из фонда НТБ ТПУ 
701 1 |a Керимов  |b В. Э.  |g Вагиф Эльдар оглы 
701 1 |a Епифанов  |b А. А.  |g Алексей Алексеевич 
701 1 |a Селиванов  |b П. В.  |g Прохор Владимирович 
701 1 |a Крятов  |b М. С.  |g Максим Сергеевич 
702 1 |a Керимов  |b В. Э.  |g Вагиф Эльдар оглы  |4 340 
712 0 2 |a Московский университет потребительской кооперации  |9 23677 
801 1 |a RU  |b 63413507  |c 20030304  |g PSBO 
801 2 |a RU  |b 63413507  |c 20210224  |g PSBO 
942 |c BK